书目信息 |
| 题名: |
毛泽东用《三国》
|
|
| 作者: | 孙宝义 , 刘春增 , 邹桂兰 著 | |
| 分册: | ||
| 出版信息: | 北京 国际文化出版公司 2018重印 |
|
| 页数: | 185页 | |
| 开本: | 23cm | |
| 丛书名: | ||
| 单 册: | ||
| 中图分类: | A841.691 , I207.413 | |
| 科图分类: | ||
| 主题词: | 《三国演义》评论 | |
| 电子资源: | ||
| ISBN: | 978-7-5125-0573-5 | |
| 000 | 01032nam0 2200313 45 | |
| 001 | 012001011006 | |
| 005 | 20140104164258.0 | |
| 010 | @a978-7-5125-0573-5@dCNY30.00 | |
| 090 | @aA84@bsby | |
| 100 | @a20140429d2013 em y0chiy50 ea | |
| 101 | 0 | @achi |
| 102 | @aCN@b110000 | |
| 105 | @ay z 000yy | |
| 106 | @ar | |
| 200 | 1 | @a毛泽东用《三国》@Amao ze dong yong 《 san guo 》@f孙宝义,刘春增,邹桂兰著 |
| 210 | @a北京@c国际文化出版公司@d2018重印 | |
| 215 | @a185页@d23cm | |
| 300 | @a毛泽东读书心得 | |
| 330 | @a本书分借鉴篇、谋略篇、兵法篇三篇,梳理了毛泽东以史为鉴,运用"三国"的智谋,解决中国革命和建设中的一些实践问题。 | |
| 600 | 0 | @a毛泽东@f(1893-1976)@x《三国演义》评论 |
| 600 | 0 | @a毛泽东@f(1893-1976) |
| 606 | 0 | @a《三国演义》评论 |
| 690 | @aA841.691@v5 | |
| 690 | @aI207.413@v5 | |
| 701 | 0 | @a孙宝义@Asun bao yi@f(1942~)@4著 |
| 701 | 0 | @a刘春增@Aliu chun zeng@f(1951.5~)@4著 |
| 701 | 0 | @a邹桂兰@Azou gui lan@c(女)@4著 |
| 801 | 0 | @aCN@b上海新华@c20191020 |
| 905 | @b1137597-8@dA841.691@e178@f2 | |
| 毛泽东用《三国》/孙宝义,刘春增,邹桂兰著.-北京:国际文化出版公司,2018重印 |
| 185页;23cm |
| 毛泽东读书心得 |
| ISBN 978-7-5125-0573-5:CNY30.00 |
| 本书分借鉴篇、谋略篇、兵法篇三篇,梳理了毛泽东以史为鉴,运用"三国"的智谋,解决中国革命和建设中的一些实践问题。 |
| ● |
| 相关链接 |
|
|
|
|
正题名:毛泽东用《三国》
索取号:A841.691/178
 
预约/预借
| 序号 | 登录号 | 条形码 | 馆藏地/架位号 | 状态 | 备注 |
| 1 | 1137597 | 211375974 | 第一样本阅览室/ [索取号:A841.691/178] | 在馆 | |
| 2 | 1137598 | 211375983 | 第一借阅区/ [索取号:A841.691/178] | 在馆 |